Statistics for Geography Trick Questions #1

Click here to take the quiz!

General Stats

  • This quiz has been taken 222 times
  • The average score is 6 of 12

Answer Stats

HintAnswer% Correct
What is the largest country inside South Africa?Lesotho
91%
Which European country shares a land border with Brazil?France
88%
When measured from sea level, which mountain is considered the tallest on Earth?Mount Everest
82%
In Macedonia, which language is primarily spoken?Greek
69%
What is the capital city of the Republic of China?Taipei
69%
In which country is Mongolian script officially used to write the Mongolian language?China
67%
The Patriarch of Constantinople, that is the leader of the Eastern Orthodox church, is based in a cathedral in which country?Turkey
48%
Name two provinces controlled by the government of TaiwanTaiwan
43%
In terms of GDP per capita, which is the wealthiest country on the African continent?Spain
26%
If contiguous landmasses (discounting canals) were ranked by population, Afro-Eurasia and America would be rank 1 and 2 respectively. Which landmass would be rank 3?Java
18%
Which City is considered the primary central business district of London?City of London
17%
Name two provinces controlled by the government of TaiwanFujian
4%

Score Distribution

Percentile by Number Answered

Percent of People with Each Score

Your Score History

You have not taken this quiz